000 00881cam a22002654a 4500
001 12118889
003 cu66
005 20260219113022.0
008 000726s2001 mau 001 0 eng
010 _a 00061277
020 _a0072903333 (alk. paper)
040 _aDLC
_cDLC
_dDLC
042 _apcc
050 0 0 _aHF5681.B2
_bP4134 2001
082 0 0 _a332.63/2042
_221
100 1 _aPenman, Stephen H.
245 1 0 _aFinancial statement analysis and security valuation /
_cStephen H. Penman.
260 _aBoston, Mass. :
_bMcGraw-Hill/Irwin,
_c2001.
300 _axxi, 770 p. :
_bill. ;
_c26 cm.
500 _aIncludes index.
650 0 _aFinancial statements.
906 _a7
_bcbc
_corignew
_d1
_eocip
_f20
_gy-gencatlg
942 _2lcc
_cBK
_n0
999 _c8775
_d8775